000 00525nam a2200217Ia 4500
003 OSt
005 20230429105816.0
008 210423s2017 xx 000 0 und d
020 _a978-1-5098-4849-2
040 _cAL
041 _aeng
082 _a823.914
_223
_bFOLP
100 _aFOLLETT (Ken)
_995102
245 _aPillars of the earth
260 _aLondon
_bPan Book Ltd
_c2017
300 _a1090
_bPB
365 _b499
_cINR
650 _aEnglish Fiction
_995103
906 _aearth ; Pillars
942 _2ddc
_cBK
999 _c170472
_d170472